| 000 | 00874cam a22002291a 4500 | ||
|---|---|---|---|
| 001 | ca 24000715 | ||
| 003 | DLC | ||
| 005 | 20260227111113.0 | ||
| 008 | 840224s1924 ksu 000 0deng | ||
| 010 | _aca 24000715 | ||
| 040 |
_aDLC _cDLC _dDLC |
||
| 050 | 0 | 0 |
_aDC137 _b.G6 |
| 051 |
_aAC1 _b.L8 no. 515 _cHas author's inscription on p. [2] of cover: "With warm regards, L.R. Gottschalk." Verso of t.p.: "Gift, Amer. Hist. Review, Ap. 7, '24." |
||
| 100 | 1 |
_aGottschalk, Louis Reichenthal, _d1899-1975. |
|
| 245 | 1 | 4 |
_aThe fall of Louis XVI / _cLouis R. Gottschalk. |
| 260 |
_aGirard, Kan. : _bHaldeman-Julius Co., _cc1924. |
||
| 300 |
_a64 p. ; _c13 cm. |
||
| 440 | 0 |
_aLittle blue book ; _vno. 515 |
|
| 500 | _aHas publisher's advertisements on p. [4] of cover. | ||
| 600 | 0 | 0 |
_aLouis _bXVI, _cKing of France, _d1754-1793. |
| 651 | 0 |
_aFrance _xHistory _yRevolution, 1789-1799. |
|
| 999 |
_c15846 _d15846 |
||